00788 2200193 4500001002100000005001500021035002000036007000300056008004100059020001800100082001100118084001700129100002400146245004800170250001100218260003500229300002100264520030900285INLIS00000000000012020260520103624 a0010-0526000008ta260520 b 0 ind  a9786020759333 a297.64 a297.64 BUN m0 aBunda Ary Indriyani1 aMempertahankan Islam /cBunda Ary Indriyani aCet. I aBandung :bCordoba Kids,cs.a. a21 hlm. :bIlus. aBuku anak Mempertahankan Islam menceritakan perjuangan umat Islam dalam menjaga dan membela ajaran Islam dari berbagai tantangan. Dengan bahasa yang sederhana dan mudah dipahami, buku ini mengajarkan nilai keberanian, keteguhan iman, persatuan, serta semangat dalam mempertahankan kebenaran dan kebaikan.